00548 a2200169 45000010006000000050017000060080041000230030015000640400040000790800018001192450023001372640048001603000019002085050125002270410008003521000018003605008120260407155801.0260407a1972 arg spa dAR-UNSa-BCEJYS aAR-UNSa-BCEJYSbspacAR-UNSa-BCEJYS a82-4xEnsayos10aProhibido prohibir 1aBuenos Aires :bEdiciones La Bastillac1972 a153 p.c20 cm. a1. Deodoro Roca, escritor comprometido - 2. Ensayos políticos - 3. Ensayos estéticos - 4. Epílogo para un hombre.  aspa1 aRoca, Deodoro